Pays par pays frontaliers - Statistiques

Statistiques générales
  • Ce quiz a été pris 211 fois
  • Le résultat moyen est 129 sur 157
Réponses sur la Carte
Les réponses sont colorées sur une échelle allant du rouge au vert en fonction du pourcentage des utilisateurs qui les ont devinées à leur premier essai. Vous pouvez retrouver ces pourcentages ci-dessous.
 
Statistiques - réponses
Pays % Correct
Brésil
98%
Espagne
98%
Suriname
98%
Allemagne
97%
Suisse
97%
Andorre
96%
France
96%
Kazakhstan
96%
Belgique
95%
Birmanie
95%
Corée du Nord
95%
Italie
95%
Luxembourg
95%
Mongolie
95%
Pakistan
95%
Pays-Bas
95%
Russie
95%
Argentine
94%
Bhoutan
94%
Biélorussie
94%
Bolivie
94%
Canada
94%
Chine
94%
États-Unis
94%
Finlande
94%
Lituanie
94%
Maroc
94%
Mexique
94%
Népal
94%
Pérou
94%
Pologne
94%
Ukraine
94%
Azerbaïdjan
93%
Norvège
93%
Colombie
92%
Géorgie
92%
Irak
92%
Lettonie
92%
Afghanistan
91%
Algérie
91%
Estonie
91%
Inde
91%
Mauritanie
91%
Niger
91%
Paraguay
91%
République Centrafricaine
91%
Namibie
90%
Soudan du Sud
90%
Autriche
89%
Botswana
89%
Libye
89%
Mali
89%
Mozambique
89%
Zambie
89%
Zimbabwe
89%
Bulgarie
88%
Chili
88%
Jordanie
88%
République du Congo
88%
Uruguay
88%
Venezuela
88%
Eswatini
87%
Laos
87%
Oman
87%
Portugal
87%
République Démocratique du Congo
87%
Soudan
87%
Tanzanie
87%
Viêt Nam
87%
Hongrie
86%
Kirghizistan
86%
Lesotho
86%
Monaco
86%
Tadjikistan
86%
Turquie
86%
Émirats Arabes Unis
85%
Guyana
85%
Ouganda
85%
République Tchèque
85%
Yémen
85%
Angola
84%
Cameroun
84%
Macédoine du Nord
84%
Iran
83%
Irlande
83%
Koweït
83%
Rwanda
83%
Syrie
83%
Arménie
82%
Burundi
82%
Royaume-Uni
82%
Serbie
82%
Tunisie
82%
Arabie Saoudite
81%
Burkina Faso
81%
Monténégro
81%
Roumanie
81%
Suède
81%
Tchad
81%
Bangladesh
80%
Équateur
80%
Gabon
80%
Grèce
80%
Slovaquie
80%
Slovénie
79%
Côte d'Ivoire
78%
Sri Lanka
78%
Kosovo
77%
Qatar
77%
Afrique du Sud
76%
Albanie
76%
Danemark
76%
Égypte
76%
Guatemala
76%
Guinée
76%
Moldavie
76%
Nigeria
76%
Bénin
75%
Bosnie-Herzégovine
75%
Croatie
75%
Éthiopie
75%
Sénégal
75%
Érythrée
74%
Kenya
74%
Malaisie
74%
Somalie
74%
Turkménistan
73%
Belize
72%
Cambodge
71%
Djibouti
71%
Costa Rica
70%
Ghana
70%
Thaïlande
69%
Togo
69%
Honduras
67%
Israël
67%
Liberia
67%
Panama
67%
Ouzbékistan
66%
Papouasie- Nouvelle-Guinée
66%
Timor Oriental
66%
Nicaragua
65%
Salvador
65%
République Dominicaine
63%
Indonésie
61%
Gambie
58%
Guinée-Bissau
58%
Malawi
58%
Corée du Sud
57%
Sierra Leone
57%
Guinée équatoriale
54%
Haïti
54%
Liban
53%
Liechtenstein
52%
Brunei
50%
Saint-Marin
46%
Vatican
46%
Aucun quiz correspondant
Distribution des résultats
% des personnes avec chaque résultat
Percentile par nombre de réponses
Votre historique - résultats
Vous n’avez pas pris ce quiz